[Event "Mechanics' Spring TNM; G/2"]
[Site "San Francisco"]
[Date "2016.04.19"]
[Round "6.27"]
[White "Sherwood, Peter"]
[Black "Brown, Nicholas M"]
[Result "1/2-1/2"]
[WhiteElo "1671"]
[BlackElo "1501"]
[Annotator "Sherwood"]
[PlyCount "94"]
[EventDate "2016.??.??"]

1. e4 e6 2. d4 d5 3. Nc3 Bb4 4. e5 c5 5. a3 Bxc3+ 6. bxc3 c4 7. Qg4 g6 8. Qd1 (
8. h4 h5 9. Qf3 Nc6 10. Nh3 f5 11. Qg3 Nge7 12. Be2 Qa5 13. O-O Qa4 14. Ra2 $16
{(Khalifman)}) 8... Nc6 9. Nf3 Nge7 10. Bg5 Qc7 11. Bf6 Rg8 12. Qd2 Nf5 13. g4
Nfe7 14. Qh6 Qa5 15. Kd2 Bd7 16. Be2 (16. Qg5) (16. Qxh7 O-O-O 17. Qxf7 Rdf8
18. Qh7) 16... O-O-O 17. Rhb1 Be8 18. Qe3 (18. Qg5 Rd7) 18... h5 19. h3 hxg4
20. hxg4 Rd7 21. a4 $2 a6 22. Bf1 Rc7 23. Qe1 Na7 24. Ra2 Bxa4 25. Rb4 b5 26.
Qb1 Nac6 27. Rbb2 Rb7 28. Qa1 Qc7 29. Ng5 Nd8 30. Nh3 Nec6 31. Nf4 g5 (31...
Nxd4 $1 32. cxd4 $4 c3+ $19) 32. Ne2 Ne7 33. Qc1 Rg6 34. Ke1 Ng8 35. Bxg5 f6
36. exf6 Nxf6 37. Bf4 Qd7 38. f3 Nf7 39. Qe3 Nh7 40. Bg3 Nhg5 41. Bg2 a5 42. f4
Nh7 43. g5 Nd6 44. Qe5 Nf7 45. Qe3 Nd6 46. Qe5 Nf7 47. Qe3 Nd6 1/2-1/2

[Event "Mechanics' Summer TNM; G/2"]
[Site "San Francisco"]
[Date "2016.07.05"]
[Round "7.31"]
[White "Sherwood, Peter"]
[Black "Cheng, Andrew Ys"]
[Result "1-0"]
[WhiteElo "1672"]
[BlackElo "1381"]
[Annotator "Sherwood"]
[PlyCount "63"]
[EventDate "2016.??.??"]

1. e4 e5 2. Nf3 Nc6 3. Bb5 d6 4. c3 Bd7 5. O-O Nf6 6. Re1 g6 7. d3 Bg7 8. Nbd2
O-O 9. Nf1 Re8 10. Bc4 Be6 11. Bb5 Bd7 12. Ne3 a6 13. Ba4 Ne7 14. Bc2 c6 15.
Ng5 d5 16. Bb3 h6 17. Nf3 Nc8 18. Qc2 Bg4 19. Nxg4 Nxg4 20. exd5 cxd5 21. h3
Nf6 22. Nxe5 Nd6 23. Bf4 Nf5 24. d4 Ne4 25. Rxe4 $1 dxe4 (25... Bxe5 26. Rxe5)
26. Bxf7+ Kf8 27. Bxe8 (27. Bxg6 $142 $1 Qh4 $2 28. Bxf5 Qxf4 29. Ng6+) 27...
Bxe5 28. Bxe5 Qxe8 29. Qxe4 Kf7 $2 30. Qxb7+ Ne7 31. Qf3+ Kg8 32. Qf6 1-0

[Event "Mechanics' Alan Benson TNM; G/2"]
[Site "San Francisco"]
[Date "2016.08.23"]
[Round "4.17"]
[White "Sherwood, Peter"]
[Black "Drane, Robert W"]
[Result "1/2-1/2"]
[WhiteElo "1688"]
[BlackElo "1953"]
[Annotator "Donaldson"]
[PlyCount "99"]
[EventDate "2016.??.??"]

1. e4 Nf6 2. e5 Nd5 3. d4 d6 4. Nf3 dxe5 5. Nxe5 c6 6. Be2 Nd7 7. Nf3 g6 8. O-O
Bg7 9. c4 N5f6 10. Nc3 O-O 11. h3 Re8 12. Be3 b6 13. Qd2 Bb7 14. Rad1 Nf8 15.
Rfe1 Rc8 16. b3 Ne6 17. Ng5 Nxg5 18. Bxg5 Rc7 19. Bf3 Rd7 20. Re3 e5 21. Rd3 $2
(21. d5 $1 $16) 21... exd4 22. Rxd4 Rxd4 23. Qxd4 Qxd4 (23... Re1+ 24. Kh2 Rxd1
25. Qxd1 Ng4+ 26. hxg4 Qxg5 27. Ne4 $11) 24. Rxd4 Nd5 $1 25. Re4 $1 Rxe4 26.
Nxe4 Nc3 27. Nd6 $1 (27. Nxc3 Bxc3 $11) 27... Ba8 (27... Ba6) 28. a3 (28. Nc8
Nxa2 29. Nxa7 $16) 28... Be5 29. Ne4 (29. Nc8 $1) 29... Nxe4 30. Bxe4 $11 f6
31. Be3 Bb2 32. a4 Ba3 33. Kf1 Kf7 34. Ke2 Ke6 35. Bf4 Bd6 36. Ke3 a5 37. Bf3
g5 38. Bg4+ Ke7 39. Bxd6+ Kxd6 40. Kd2 c5 41. g3 Ke5 42. Ke3 f5 43. Be2 Be4 (
43... f4+ 44. gxf4+ gxf4+ 45. Kd2 Kd4) 44. f4+ gxf4+ 45. gxf4+ Kf6 46. Bd3 {
draw offer} Bxd3 47. Kxd3 Kg6 48. Ke3 Kh5 49. Kf3 Kh4 50. Kg2 1/2-1/2

[Event "Mechanics' Spring TNM; G/2"]
[Site "San Francisco"]
[Date "2016.05.03"]
[Round "8.29"]
[White "Sherwood, Peter"]
[Black "Eastham, Asher Dan"]
[Result "1-0"]
[WhiteElo "1671"]
[BlackElo "1501"]
[Annotator "Sherwood"]
[PlyCount "107"]
[EventDate "2016.??.??"]

1. e4 e5 2. Nf3 Nc6 3. Bb5 a6 4. Ba4 Nf6 5. O-O Nxe4 6. d4 b5 7. Bb3 d5 8. dxe5
Be6 9. Nbd2 Nc5 10. c3 Be7 11. Bc2 O-O 12. Nb3 Nd7 13. Re1 Nb6 14. Qd3 g6 15.
Bh6 Re8 16. Nbd4 Nxd4 17. Nxd4 Qd7 18. b3 c5 19. Nxe6 Qxe6 20. Qg3 Bf8 21. Bxf8
Kxf8 22. f4 Rad8 23. Rad1 Nc8 24. Qf2 Qb6 25. Kh1 Re7 26. h4 f5 27. b4 cxb4 28.
Qxb6 Nxb6 29. cxb4 Na8 30. Bb3 Nc7 31. g3 d4 32. Rd3 Red7 33. Rc1 Ke7 34. Rc6
Rc8 35. Be6 Rcd8 36. Bxd7 Rxd7 37. Rd6 Rxd6 38. exd6+ Kxd6 39. Rxd4+ Ke7 40.
Kg2 Ne6 41. Rd1 (41. Rd5 $142) 41... h6 42. Rd5 Nc7 43. Rc5 Kd6 44. h5 $1 gxh5
45. Rxf5 Nd5 46. Rxh5 (46. a3 $4 Ne3+ $19) 46... Nxb4 47. Rxh6+ Kd5 48. a3 a5
49. axb4 axb4 50. Kf3 b3 51. Ke3 b2 52. Rh1 Kc4 53. Kd2 Kb3 54. f5 1-0

[Event "Mechanics' Winter TNM; G/2"]
[Site "San Francisco"]
[Date "2016.01.12"]
[Round "2.33"]
[White "Sherwood, Peter"]
[Black "Frank, Robert H"]
[Result "1-0"]
[WhiteElo "1671"]
[BlackElo "1319"]
[Annotator "Donaldson"]
[PlyCount "37"]
[EventDate "2016.??.??"]

1. e4 e5 2. Nf3 Nf6 3. Nxe5 d6 4. Nf3 Nxe4 5. d4 Qe7 $2 (5... d5) 6. Be2 d5 7.
O-O Bg4 8. Nc3 Nf6 9. Bg5 c6 10. Re1 Qd6 11. Ba6+ Kd7 12. Bxb7 Kc7 13. Bxa8 Be7
14. Qd2 Qd8 15. Bxf6 Bxf6 16. Qf4+ Kb6 17. Qxg4 Qd6 18. Ne5 Qc7 19. Bxc6 1-0

[Event "Mechanics' Winter TNM; G/2"]
[Site "San Francisco"]
[Date "2016.02.16"]
[Round "7.30"]
[White "Sherwood, Peter"]
[Black "MacIntyre, Brendan"]
[Result "1-0"]
[WhiteElo "1671"]
[BlackElo "1500"]
[PlyCount "92"]
[EventDate "2016.??.??"]

1. e4 c5 2. Nf3 Nc6 3. d4 cxd4 4. Nxd4 g6 5. c4 Bg7 6. Be3 d6 7. Be2 Nf6 8. Nc3
Bd7 9. O-O O-O 10. Rc1 a6 11. h3 Rc8 12. Qd2 Qa5 13. Rfd1 Ne5 14. b3 Bc6 15. f3
Rfe8 16. Nxc6 Nxc6 17. f4 Rcd8 18. Bf3 Qc7 19. Qf2 Qb8 20. Nd5 b5 21. cxb5 Nxd5
22. exd5 Nb4 23. a3 Qxb5 24. axb4 Qxb4 25. Qa2 Rb8 26. Rb1 Qc3 27. Qd2 Rxb3 28.
Rxb3 Qxb3 29. Bd4 Bh6 30. Ba1 Qc4 31. Qd4 Qxd4+ 32. Rxd4 Rc8 33. g3 Rc1+ 34.
Rd1 Rc2 35. Be4 Ra2 36. Bc3 Ra3 37. Rd3 f5 38. Bd4 Ra2 39. Bg2 Kf7 40. Rc3 Ra4
41. Rd3 Ra2 42. Re3 Ra4 43. Bc3 a5 44. Kf2 g5 45. Re6 Ra2+ 46. Kg1 Ra1+ {
and resigns} 1-0

[Event "Mechanics' Summer TNM; G/2"]
[Site "San Francisco"]
[Date "2016.06.21"]
[Round "5.20"]
[White "Sherwood, Peter"]
[Black "Melville, Cailen"]
[Result "0-1"]
[WhiteElo "1672"]
[BlackElo "1901"]
[Annotator "Sherwood"]
[PlyCount "98"]
[EventDate "2016.??.??"]

1. e4 e6 2. d4 d5 3. Nc3 dxe4 4. Nxe4 b6 5. Nf3 Bb7 6. Bb5+ c6 7. Bd3 Nf6 8.
Nxf6+ gxf6 9. Bf4 Bd6 10. Qd2 Qc7 11. Bg3 Nd7 12. O-O-O O-O-O 13. Kb1 h5 14.
Qe2 f5 15. Bxd6 Qxd6 16. Ba6 Bxa6 17. Qxa6+ Kb8 18. Rd3 Rhg8 19. g3 Qc7 20.
Rhd1 Nf6 21. Ne5 Rd6 22. c4 c5 23. d5 (23. dxc5 Rxd3 24. Nxd3 Rd8 (24... bxc5
25. Qb5+) 25. cxb6 Qxb6 26. Qa4) 23... exd5 24. cxd5 Ka8 25. Nc4 Rdd8 26. d6
Qb7 27. Qa4 $4 (27. Qxb7+ Kxb7 28. Rf3 b5 (28... Rg5 $6 29. Ne5) 29. Rxf5)
27... b5 28. Qc2 bxc4 29. Qxc4 Rb8 30. Rb3 Qe4+ 31. Qd3 Rxb3 32. axb3 Rd8 33.
Kc1 Qxd3 34. Rxd3 Ne4 35. Rd5 Nxd6 36. Rxc5 Rc8 37. b4 Rxc5+ 38. bxc5 Ne4 39.
b4 Nxf2 40. Kd2 Ng4 41. h4 Ne5 42. Ke3 Ng6 43. Kd4 Kb7 44. Kd5 Kc7 45. b5 f4
46. gxf4 Nxh4 47. Ke4 f6 48. f5 Kb7 49. Kf4 a6 0-1

[Event "Mechanics' Fall TNM; G/2"]
[Site "San Francisco"]
[Date "2016.10.18"]
[Round "1.4"]
[White "Sherwood, Peter"]
[Black "O'Connor, Derek"]
[Result "0-1"]
[WhiteElo "1688"]
[BlackElo "2094"]
[Annotator "Donaldson"]
[PlyCount "142"]
[EventDate "2016.??.??"]

1. Nf3 Nf6 2. c4 c6 3. d4 d5 4. e3 e6 5. Nc3 Nbd7 6. Bd3 dxc4 7. Bxc4 b5 8. Bd3
a6 9. O-O c5 10. b3 Bb7 11. Bb2 Be7 12. Rc1 O-O 13. Re1 Qb6 14. Ba1 Rac8 15.
Qe2 Rfd8 16. Red1 cxd4 17. exd4 Nd5 18. Nxd5 Bxd5 19. Bc3 Nf6 20. Bd2 Rxc1 21.
Bxc1 Ba8 22. Bb2 Rc8 23. Nd2 Qa5 24. Bb1 Bb4 25. h3 Ba3 26. Nf1 Bxb2 27. Qxb2
Nd5 28. Ng3 Qc7 29. Ne2 Nf4 30. Nxf4 Qxf4 31. Bd3 Qg5 32. Bf1 Qd5 33. Rc1 Rxc1
34. Qxc1 {draw offer} g6 35. Qf4 Kg7 36. Qe5+ Qxe5 37. dxe5 f6 38. f4 Be4 39.
b4 g5 40. g3 gxf4 41. gxf4 fxe5 42. fxe5 Kg6 43. Kf2 Kf5 44. Ke3 Kxe5 45. a3
Kd5 46. Be2 Ke5 47. h4 Bd5 48. Bd3 h6 49. Be2 (49. h5 {(O'Connnor)}) 49... Bc6
50. Bg4 Kd5 51. Be2 e5 52. Bf1 e4 53. Be2 Bd7 54. Bf1 Bg4 55. Bg2 Kc4 56. Bxe4
Bc8 57. Bc2 Kc3 58. Bd1 Kb2 {Diagram [#]} 59. a4 (59. Kd4 Kxa3 60. Kc5 {
was a clear draw.}) 59... Kc3 (59... bxa4 60. Bxa4 Ka3 61. Bd1 Kxb4) 60. axb5
axb5 61. Kf4 Kd4 $2 (61... Kxb4 {could have been played as White does not have
time to capture the h-pawn and sacrifice his bishop for the b-pawn.} 62. Ke5
Kc3 63. Kf6 (63. h5 Kd2 64. Bb3 Bg4 65. Bf7 (65. Kf6 Bxh5 66. Kg7 Be2 67. Kxh6
Bc4) 65... Be2 66. Kf6 Bc4) 63... Kd2 64. Bb3 Bg4 65. Kg6 h5) 62. Be2 Bd7 63.
Bg4 Be8 64. Kf5 Kc4 65. Kf6 h5 66. Be2+ Kxb4 67. Kg5 $4 (67. Ke7 Bg6 68. Kf6 {
White draws as Black cannot hang on to his h-pawn.}) 67... Kc5 68. Bxb5 Kxb5
69. Kf4 Bd7 70. Kg5 Bg4 71. Kf4 Kc5 0-1

[Event "Mechanics' Winter TNM; G/2"]
[Site "San Francisco"]
[Date "2016.01.26"]
[Round "4.35"]
[White "Sherwood, Peter"]
[Black "Otterbach, Renate"]
[Result "1-0"]
[WhiteElo "1671"]
[BlackElo "1153"]
[PlyCount "53"]
[EventDate "2016.??.??"]

1. e4 e6 2. d4 d5 3. Nc3 Nf6 4. e5 Nfd7 5. f4 c5 6. Nf3 Nc6 7. Be3 Ne7 8. Qd2
Nf5 9. Bf2 Be7 10. O-O-O f6 11. exf6 Nxf6 12. Bd3 O-O 13. Rde1 Qc7 14. g3 Ng4
15. Bg1 Bd6 16. Nb5 Qc6 17. Nxd6 Qxd6 18. dxc5 Qc6 19. Qc3 d4 20. Nxd4 Qxh1 21.
Be4 Qxg1 22. Rxg1 Bd7 23. Bxb7 Nxd4 24. Qxd4 Rad8 25. Rd1 Nxh2 26. c6 Nf3 27.
Qd6 1-0

[Event "Mechanics' Fall TNM; G/2"]
[Site "San Francisco"]
[Date "2016.11.22"]
[Round "6.26"]
[White "Sherwood, Peter"]
[Black "Sachs-Weintraub, J."]
[Result "1-0"]
[WhiteElo "1688"]
[BlackElo "1525"]
[PlyCount "89"]
[EventDate "2016.??.??"]

1. d4 d5 2. c4 dxc4 3. e4 b5 4. Nc3 c6 5. a4 Bd7 6. Nf3 e6 7. Ne5 Bb4 8. Nxd7
Nxd7 9. Bd2 Bxc3 10. Bxc3 Ngf6 11. Qf3 O-O 12. Be2 a6 13. O-O c5 14. d5 exd5
15. exd5 Nb6 16. axb5 axb5 17. Rxa8 Nxa8 18. Rd1 Nb6 19. d6 b4 20. Bxf6 Qxf6
21. Qxf6 gxf6 22. d7 Rd8 23. Bg4 Kf8 24. Rd6 Na4 25. Rc6 Ke7 26. Rc8 Rxd7 27.
Bxd7 Kxd7 28. Ra8 Nxb2 29. Kf1 Kd6 30. Ke2 c3 31. Rd8+ Kc6 32. Rb8 Kd5 33. Rh8
Kc4 34. Rxh7 c2 35. Kd2 b3 36. Rh4+ Kb5 37. Rh3 c4 38. Rc3 Nd3 39. h4 b2 40.
Kxc2 Kb4 41. Rxd3 cxd3+ 42. Kxb2 Kc5 43. h5 Kd6 44. h6 d2 45. Kc2 1-0

[Event "Mechanics' Winter TNM; G/2"]
[Site "San Francisco"]
[Date "2016.02.09"]
[Round "6.31"]
[White "Sherwood, Peter"]
[Black "Sanguinetti, George"]
[Result "1/2-1/2"]
[WhiteElo "1671"]
[BlackElo "1900"]
[PlyCount "96"]
[EventDate "2016.??.??"]

1. e4 c5 2. Nf3 d6 3. d4 cxd4 4. Nxd4 Nf6 5. Nc3 g6 6. Be3 Bg7 7. f3 Nc6 8. Qd2
a6 9. O-O-O O-O 10. g4 Nd7 11. h4 Nde5 12. Be2 Na5 13. b3 f6 14. Bh6 Nf7 15.
Bxg7 Kxg7 16. Bd3 Nc6 17. Nce2 Nxd4 18. Nxd4 e5 19. Ne2 d5 20. exd5 Qxd5 21.
Be4 Qxd2+ 22. Rxd2 Rb8 23. Rhd1 Be6 24. c4 f5 25. Bd5 Kf6 26. g5+ Ke7 27. Nc3
Rfc8 28. Kb2 b5 29. cxb5 axb5 30. Bxe6 Kxe6 31. Nd5 Rb7 32. Rc2 Rxc2+ 33. Kxc2
Ra7 34. Nb4 Nd6 35. Re1 e4 36. Kc3 Rd7 37. Nd3 Kd5 38. Nf4+ Kc6 39. Kb4 exf3
40. Rc1+ Kb7 41. Rc3 Ne4 42. Rxf3 Kb6 43. Rd3 Ra7 44. a3 Kc6 45. Rd5 Nd6 46.
Rc5+ Kd7 47. Nd5 Rb7 48. Nf4 Rb8 1/2-1/2

[Event "Mechanics' Alan Benson TNM; G/2"]
[Site "San Francisco"]
[Date "2016.09.20"]
[Round "8.21"]
[White "Sherwood, Peter"]
[Black "Sloan, Sam"]
[Result "0-1"]
[WhiteElo "1688"]
[BlackElo "1963"]
[Annotator "Donaldson"]
[PlyCount "94"]
[EventDate "2016.??.??"]

1. e4 e5 2. Nf3 f5 3. Nxe5 Qf6 4. Nc4 fxe4 5. Ne3 Ne7 6. Nc3 Qg6 7. d3 exd3 8.
Bxd3 Qf7 9. Bc4 Qg6 10. O-O c6 11. Qf3 d5 12. Bd3 Qf6 13. Qxf6 (13. Qg3 $16) (
13. Qe2 $16) 13... gxf6 14. Ne2 Nd7 15. c3 Ne5 16. Bc2 N7g6 17. Bd2 Bd7 18. b4
(18. f4 Nf7 19. c4 $16) 18... O-O-O 19. Nd4 Bd6 20. Nef5 Bc7 21. a4 Nc4 22. Bh6
b6 23. Ne3 (23. Bg7) 23... Nce5 24. Ndf5 Rhg8 25. Rad1 (25. Bg7) 25... Kb7 26.
Bg7 Be6 (26... Nf3+ 27. gxf3 Ne7 28. Kh1 Nxf5 29. Bxf6 Rdf8) 27. Bxf6 Rdf8 28.
Bxe5 Nxe5 29. Nd4 Bh3 30. Bf5 Bxf5 31. Nexf5 c5 32. bxc5 bxc5 33. Rb1+ Bb6 34.
Nd6+ Ka8 35. N4f5 $2 (35. Ne6 Rf6 36. f4 Rxe6 37. fxe5 Rxe5 38. Rf7 $11) 35...
Nf3+ 36. Kh1 Nd2 37. Rbd1 Nxf1 38. Rxf1 Rg4 39. Ne3 Rxa4 40. Nxd5 Rxf2 41. Re1
Rf8 42. h3 Rd8 43. Re6 Ra1+ 44. Kh2 Kb8 45. Ne7 Rxd6 46. Rxd6 Bc7 47. Nc6+ Ka8
0-1

[Event "Mechanics' Fall TNM; G/2"]
[Site "San Francisco"]
[Date "2016.11.01"]
[Round "3.18"]
[White "Sherwood, Peter"]
[Black "Smith III, Mahlon"]
[Result "0-1"]
[WhiteElo "1688"]
[BlackElo "2064"]
[Annotator "Sherwood"]
[PlyCount "110"]
[EventDate "2016.??.??"]

1. d4 Nf6 2. c4 g6 3. Nc3 d5 4. cxd5 Nxd5 5. e4 Nxc3 6. bxc3 Bg7 7. Bc4 c5 8.
Ne2 Nc6 9. Be3 O-O 10. O-O Qc7 11. Qc2 Na5 12. Bd3 $4 c4 13. Rac1 cxd3 14. Qxd3
Qc4 15. Qd2 b6 16. f3 Ba6 17. Rfe1 Qd3 18. Qxd3 Bxd3 19. Nf4 Bc4 20. Nd5 Bxd5
21. exd5 Nc4 22. Bf4 Rfe8 23. Rb1 Rad8 24. Rb4 Na5 25. Rb5 Rc8 26. Re3 h5 27.
d6 exd6 28. Rxe8+ Rxe8 29. Bxd6 Nc4 30. Bg3 Rd8 31. Kf1 Ne3+ 32. Kg1 Rd5 33.
Rb1 (33. Rxd5 Nxd5 34. c4 Ne3) 33... Nf5 34. Bf2 Ra5 35. Rb2 Kf8 36. Re2 Bf6
37. Kf1 Ra3 38. Rc2 Ke7 39. Ke2 Ke6 40. Kd1 b5 41. Kc1 Nd6 42. Kd2 Bg5+ 43. Kd3
b4 44. Be1 bxc3 45. Bxc3 Nb5 46. Re2+ Kd7 47. Rc2 Bf6 48. Kc4 Nxc3 49. Rxc3
Rxa2 50. Rb3 Kc7 51. d5 Rxg2 52. Ra3 Rc2+ 53. Kd3 Rc3+ 54. Rxc3+ Bxc3 55. Kxc3
Kd6 0-1

[Event "Mechanics' Alan Benson TNM; G/2"]
[Site "San Francisco"]
[Date "2016.08.02"]
[Round "1.2"]
[White "Sherwood, Peter"]
[Black "Stearman, Josiah P"]
[Result "0-1"]
[WhiteElo "1688"]
[BlackElo "2315"]
[Annotator "Donaldson"]
[PlyCount "72"]
[EventDate "2016.??.??"]

1. e4 c5 2. Nf3 d6 3. d4 cxd4 4. Nxd4 Nf6 5. Nc3 g6 6. Be3 Bg7 7. Bc4 h5 $6 8.
f3 {Black's last move is common in the Yugoslav Attack against the Dragon,
where is slows down g4 and stops h4-h5, but here it looks premature as white
has not committed to f3. Why not} (8. h3 {
intending f4 with thoughts to play e5.}) 8... a6 9. Bb3 Nbd7 10. Qd2 b6 11.
O-O-O Bb7 12. Kb1 Rc8 13. Rhe1 O-O (13... Ne5 {or}) (13... Nc5 {
look right limiting White to a slight edge. The text castles into trouble.})
14. Bh6 b5 {DGRAM GOES HERE} (14... Rc5 $14) 15. Bxg7 (15. Qg5 $1 {
threatening Qxg6 is very strong.} Ne5 {guarding g6} 16. Bxg7 Kxg7 17. Nf5+ Kg8
18. f4 Nc4 19. e5 Nh7 20. Qxe7 Ba8 21. Qxd8 Rcxd8 22. Nxd6 {
leaves White several pawns ahead.}) 15... Kxg7 16. Qg5 $14 {
Now not nearly so effective.} Kh7 17. h3 e6 $6 (17... b4) 18. Qe3 (18. Bxe6 $1
fxe6 (18... Nxe4 19. Qxd8 Nxc3+ 20. bxc3 Rcxd8 21. Bb3) 19. Nxe6 Qe7 20. Nxf8+
Qxf8 21. Ne2 Ne5 22. Nf4 $16) 18... Ne5 (18... b4) 19. Bxe6 $1 fxe6 20. Nxe6
Qe7 21. Nxf8+ Rxf8 22. Nd5 (22. Qb6 $1 {What makes this position attractive
for White is not only having two pawns and rook for two minor pieces, but the
fact that Black is tied down to the defense of his d6 pawn which makes it
harder for him to activate his minor pieces.}) 22... Nxd5 23. exd5 Qf7 24. Qe4
$2 (24. f4 $1 {Attacking Black's best-placed piece.} Qxf4 25. Qb6 Rf7 26. Qxd6
$16) 24... Bc8 $1 25. Qd4 Bf5 26. Re3 g5 27. Rc3 (27. Qb6 Rc8) 27... Qb7 28. g4
$2 {This creates a serious weakness on f3.} Bg6 29. Rf1 Rf4 30. Qg1 h4 31. Qe3
b4 32. Rb3 a5 33. a3 Qxd5 34. axb4 axb4 35. Qa7+ Rf7 36. Qb6 $4 Qxb3 0-1

[Event "Mechanics' Summer TNM; G/2"]
[Site "San Francisco"]
[Date "2016.06.07"]
[Round "3.13"]
[White "Shi, Jaysen"]
[Black "Askin, Michael"]
[Result "0-1"]
[WhiteElo "1867"]
[BlackElo "2037"]
[PlyCount "71"]
[EventDate "2016.??.??"]

1. e4 c6 2. d4 d5 3. exd5 cxd5 4. Bd3 Nc6 5. Nf3 Bg4 6. c3 Qc7 7. Be3 Nf6 8.
Nbd2 e6 9. Qc2 Be7 10. O-O Bh5 11. h3 O-O 12. Bg5 Bg6 13. Bxg6 hxg6 14. Rfe1 b5
15. Rac1 Rfe8 16. a3 a5 17. Nf1 Ne4 18. Bxe7 Nxe7 19. N3d2 Nd6 20. Nb3 b4 21.
Nc5 bxa3 22. bxa3 Nb7 23. Na4 Nf5 24. Ne3 Nfd6 25. Rb1 Ra6 26. Rb2 Rc6 27. Reb1
Nd8 28. f3 Nc4 29. Nxc4 Rxc4 30. Nc5 e5 31. Qd2 exd4 32. cxd4 Nc6 33. Rb7 Qg3
34. Nb3 a4 35. Na5 Nxa5 36. Qxa5 {
White resigned before Black could play ... Re2.} 0-1

[Event "Mechanics' Summer TNM; G/2"]
[Site "San Francisco"]
[Date "2016.07.05"]
[Round "7.17"]
[White "Shi, Jaysen"]
[Black "Boldi, Ethan Vaugh"]
[Result "1-0"]
[WhiteElo "1867"]
[BlackElo "1746"]
[PlyCount "57"]
[EventDate "2016.??.??"]

1. d4 e6 2. Bf4 d5 3. Nf3 Nf6 4. e3 c5 5. c3 Nc6 6. Nbd2 Qb6 7. Qc2 Bd7 8. h3
Rc8 9. Qb3 Be7 10. Be2 c4 11. Qc2 Qa5 12. e4 b5 13. a3 b4 14. e5 Ng8 15. O-O
bxa3 16. bxa3 Nd8 17. Rfb1 Ba4 18. Qc1 f6 19. exf6 Nxf6 20. Ne5 Nc6 21. Ndf3
Ne4 22. Bd2 O-O 23. Qe1 Nxe5 24. Nxe5 Rxf2 25. Nf3 Qc7 26. Be3 Rxe2 27. Qxe2
Nxc3 28. Qe1 Nxb1 29. Rxb1 {
Black is completely winning, but later lost. Remaining moves are unavailable.}
1-0

[Event "Mechanics' Summer TNM; G/2"]
[Site "San Francisco"]
[Date "2016.06.21"]
[Round "5.21"]
[White "Shi, Jaysen"]
[Black "Smith III, Robert"]
[Result "1-0"]
[WhiteElo "1867"]
[BlackElo "1770"]
[Annotator "Donaldson"]
[PlyCount "86"]
[EventDate "2016.??.??"]

1. d4 c6 2. Nf3 d5 3. Bf4 Nf6 4. c3 e6 5. e3 Nbd7 6. Bd3 Be7 7. Nbd2 b6 8. Qa4
Bb7 9. Ne5 Qc8 10. b4 Nh5 11. Ndf3 Nxf4 12. exf4 O-O 13. O-O a5 14. bxa5 Rxa5
15. Qc2 f5 16. Nxd7 Qxd7 17. Rab1 Qc7 18. Rfe1 Bc8 19. g3 Bf6 20. c4 Qa7 21.
cxd5 cxd5 22. Re2 g6 23. Rb4 Be7 24. Rb3 Ra3 25. Qb2 Rxb3 26. Qxb3 Bd7 27. Bb5
Bc8 28. Ne5 Qa3 29. Nd7 Qxb3 30. axb3 Bxd7 31. Bxd7 Kg7 32. Rxe6 Bf6 33. Rxb6
Bxd4 34. Rd6 Rb8 35. Rxd5 Rb4 36. Ba4 Kh6 37. Kg2 Kh5 38. h3 Kh6 39. f3 Bb6 40.
Rd3 Rd4 41. Rxd4 Bxd4 42. b4 Kg7 43. g4 h6 {Resignation is premature here as
White has not yet created a passed pawn on the kingside.} 1-0

[Event "Mechanics' Spring TNM; G/2"]
[Site "San Francisco"]
[Date "2016.03.29"]
[Round "3.26"]
[White "Shnaiderman, Lazar"]
[Black "Allen, Tom Carter"]
[Result "1-0"]
[WhiteElo "1814"]
[BlackElo "1486"]
[Annotator "Donaldson"]
[PlyCount "51"]
[EventDate "2016.??.??"]

1. d4 Nf6 2. c4 e5 3. dxe5 Ng4 4. Nf3 Bc5 5. e3 Nc6 6. Be2 Ngxe5 7. O-O Nxf3+
8. Bxf3 Ne5 9. b3 Nxf3+ 10. Qxf3 a5 11. Bb2 O-O 12. Nc3 Ra6 13. Nd5 Rg6 14. Nf4
Rh6 15. Qg3 f6 16. Rad1 Bd6 {Diagram [#]} 17. c5 $1 (17. Rxd6 cxd6 18. Nd5 {
was a strong alternative.}) 17... Bxf4 (17... Bxc5 18. Ne6 $18) 18. Qxf4 Qe7
19. Qxc7 Rg6 20. Qd6 Qe4 21. Qd5+ Qxd5 22. Rxd5 Re8 23. Rfd1 b6 24. g3 Re6 25.
cxb6 Rxb6 26. Rc1 1-0

[Event "Mechanics' Spring TNM; G/2"]
[Site "San Francisco"]
[Date "2016.03.15"]
[Round "1.36"]
[White "Shnaiderman, Lazar"]
[Black "Kondakova, Elena"]
[Result "1-0"]
[WhiteElo "1814"]
[BlackElo "753"]
[Annotator "Donaldson"]
[PlyCount "69"]
[EventDate "2016.??.??"]

1. d4 d5 2. c4 c6 3. Nc3 Nf6 4. e3 Bf5 $6 {Diagram [#]} 5. Qb3 $6 (5. cxd5 $1
cxd5 6. Qb3 Qb6 7. Nxd5 Qxb3 8. Nxf6+) 5... b6 $2 (5... Qb6 6. cxd5 Qxb3) 6.
cxd5 cxd5 7. Bb5+ Bd7 8. Nxd5 Bxb5 9. Nxf6+ exf6 10. Qxb5+ Qd7 11. Qxd7+ Nxd7
12. Nf3 Bb4+ 13. Bd2 Bxd2+ 14. Kxd2 O-O 15. Rac1 Rac8 16. Rxc8 Rxc8 17. Rc1
Rxc1 18. Kxc1 Kf8 19. Kd2 Ke7 20. Kd3 Ke6 21. e4 f5 22. Nd2 fxe4+ 23. Nxe4 Nf6
24. Nxf6 Kxf6 25. Ke4 Ke6 26. g4 g6 27. g5 a5 28. a4 f5+ 29. gxf6 Kxf6 30. Kd5
Ke7 31. Kc6 Ke6 32. d5+ Ke7 33. Kc7 Ke8 34. d6 h5 35. d7+ 1-0

[Event "Mechanics' Summer TNM; G/2"]
[Site "San Francisco"]
[Date "2016.07.05"]
[Round "7.23"]
[White "Shnaiderman, Lazar"]
[Black "MacIntyre, Brendan"]
[Result "1/2-1/2"]
[WhiteElo "1808"]
[BlackElo "1554"]
[Annotator "Donaldson"]
[PlyCount "61"]
[EventDate "2016.??.??"]

1. d4 d5 2. c4 c6 3. Nc3 Nf6 4. Nf3 Bf5 $2 (4... dxc4) (4... e6) (4... a6) (
4... g6) 5. cxd5 $1 cxd5 (5... Nxd5 6. e3 $14) 6. Qb3 $1 b6 $2 {Diagram [#]} (
6... Qb6 7. Nxd5 Qxb3 (7... Nxd5 8. Qxd5 Qb4+ 9. Bd2 Qxb2 10. Rc1 $14) 8. Nxf6+
exf6 9. axb3 $16) (6... Bc8 7. Bf4 $16) 7. e3 $2 (7. Bg5 $1 e6 8. e4 $1 dxe4 9.
Bb5+ Nbd7 10. Ne5 $18) 7... e6 8. Bb5+ Nbd7 9. Ne5 Bd6 10. Nxd7 Nxd7 11. Qa4 h5
12. Bd2 Qc7 13. Rc1 Qd8 14. O-O a6 15. Bxd7+ (15. Bc6 $1 Ra7 (15... Rb8 16.
Qxa6 $16) 16. Nb5 $16) 15... Qxd7 16. Qxd7+ Kxd7 17. f3 Rac8 18. e4 dxe4 19.
fxe4 Bg6 20. e5 Bc7 21. Na4 Rhd8 22. Bg5 Rf8 23. Be3 Bd3 24. Rfd1 Bb5 25. Nc3
Bc4 26. b3 Bd5 27. Nxd5 exd5 28. Rc2 Bb8 29. Rdc1 Rxc2 30. Rxc2 Rc8 31. Rxc8
1/2-1/2

[Event "Mechanics' Spring TNM; G/2"]
[Site "San Francisco"]
[Date "2016.04.26"]
[Round "7.27"]
[White "Shnaiderman, Lazar"]
[Black "Simpkins, Jerry"]
[Result "1/2-1/2"]
[WhiteElo "1814"]
[BlackElo "1512"]
[Annotator "Donaldson"]
[PlyCount "69"]
[EventDate "2016.??.??"]

1. d4 d5 2. c4 c5 3. cxd5 Qxd5 4. Nf3 cxd4 5. Nc3 Qd8 6. Nxd4 (6. Qxd4 $1 $14)
6... e5 7. Nf3 Qxd1+ 8. Nxd1 Nc6 9. Nc3 Bb4 10. Bd2 f5 11. e3 Be6 12. Bb5 e4
13. Ne5 Rc8 14. O-O Nf6 15. a3 Bd6 16. Nxc6 bxc6 17. Be2 Bb3 18. Rac1 O-O 19.
Nd1 Rfd8 20. Ba5 Rd7 21. Ba6 Rb8 22. g3 Bd5 23. Bc3 Ng4 24. b4 Ne5 25. Bxe5
Bxe5 26. Nc3 Bf7 27. Rfd1 Rbd8 28. Rxd7 Rxd7 29. Rd1 Rxd1+ 30. Nxd1 Bh5 31.
Bc4+ Kf8 32. Bb3 Bxd1 33. Bxd1 Bb2 34. a4 Bc3 35. b5 1/2-1/2